[Event "CSR-ch"]
[Site "Trinec"]
[Date "1972.??.??"]
[Round "8"]
[White "Kupka, Slavoj"]
[Black "Malis, Jiri"]
[Result "1-0"]
[WhiteElo "2375"]
[BlackElo "2220"]
[PlyCount "119"]
[EventDate "1972.??.??"]
[Source "ChessBase"]

1. e4 e5 2. Nf3 Nc6 3. Bb5 a6 4. Ba4 f5 5. d4 exd4 6. e5 Bc5 7. O-O Nge7 8. Bb3
d5 9. exd6 Qxd6 10. Re1 h6 11. Nbd2 b5 12. a4 Rb8 13. axb5 axb5 14. Nf1 Bd7 15.
h4 Kd8 16. c3 dxc3 17. Qc2 Re8 18. Be3 Bxe3 19. Nxe3 f4 20. Nf1 Qg6 21. Qxc3
Nf5 22. Bd5 Rxe1 23. Rxe1 b4 24. Qc4 Nd6 25. Qxf4 Qf6 26. Qd2 Ne7 27. Ng3 Rb5
28. Bb3 Ng6 29. Ba4 Rb6 30. Bxd7 Kxd7 31. Ne4 Qf4 32. Qd4 Kc8 33. h5 Nf8 34.
Nxd6+ Qxd6 35. Re8+ Kb7 36. Qxd6 Rxd6 37. Rxf8 Rd1+ 38. Kh2 Rb1 39. Ne5 Rxb2
40. Rf4 c5 41. Nd3 Rc2 42. Nxb4 cxb4 43. Rxb4+ Kc8 44. f3 Rc7 45. Rd4 Rc5 46.
g4 Rc7 47. Kg3 Re7 48. Rd3 Rf7 49. f4 Rd7 50. Rxd7 Kxd7 51. Kf3 Kd6 52. Ke3 Ke7
53. Kd3 Kd7 54. Kc3 Ke6 55. Kc4 Kd6 56. Kd4 Ke6 57. Ke4 Kf6 58. Kd5 Kf7 59. Ke5
Ke7 60. f5 1-0

[Event "Tallinn"]
[Site "Tallinn EST"]
[Date "1971.03.01"]
[Round "7"]
[White "Wade, Robert G"]
[Black "Bisguier, Arthur B"]
[Result "1/2-1/2"]
[WhiteElo "2310"]
[BlackElo "2470"]
[PlyCount "72"]
[EventDate "1971.02.20"]
[Source "www.chesslib.no"]
[SourceDate "2004.05.04"]

1. e4 Nc6 2. Nf3 e5 3. Bb5 a6 4. Ba4 f5 5. d4 exd4 6. e5 Bc5 7. O-O Nge7 8. Bb3
d5 9. exd6 Qxd6 10. Ng5 Nd8 11. Qh5+ Qg6 12. Qe2 h6 13. Nh3 Qg4 14. Qc4 Bd6 15.
f3 Qh4 16. Qe2 Nf7 17. Re1 O-O 18. Nd2 Nc6 19. Nc4 Bc5 20. Qf2 Qxf2+ 21. Nxf2
d3 22. cxd3 Nd4 23. Bf4 Nxb3 24. axb3 c6 25. Rad1 Bd7 26. d4 Bb4 27. Bd2 Bxd2
28. Rxd2 Rfe8 29. Rde2 Rxe2 30. Rxe2 Re8 31. Kf1 Kf8 32. Nd3 Rxe2 33. Kxe2 Ke7
34. Nc5 Nd8 35. Kd3 Be6 36. Kc3 Bxc4 1/2-1/2